कथा एक रंगकर्मी की / (Record no. 113274)
[ view plain ]
| 000 -LEADER | |
|---|---|
| fixed length control field | 01078nam a22002537a 4500 |
| 005 - DATE AND TIME OF LATEST TRANSACTION | |
| control field | 20170124102950.0 |
| 010 ## - LIBRARY OF CONGRESS CONTROL NUMBER | |
| LC control number | B-053094 |
| 020 ## - INTERNATIONAL STANDARD BOOK NUMBER | |
| Terms of availability | 75.00 |
| 035 ## - SYSTEM CONTROL NUMBER | |
| System control number | B-053094 |
| 037 ## - SOURCE OF ACQUISITION | |
| Source of stock number/acquisition | Cen Lib/Ret |
| 040 ## - CATALOGING SOURCE | |
| Original cataloging agency | DPL |
| Language of cataloging | HN |
| 082 ## - DEWEY DECIMAL CLASSIFICATION NUMBER | |
| Classification number | 822 |
| Item number | व्यासनि |
| 100 ## - MAIN ENTRY--PERSONAL NAME | |
| Personal name | व्यास, निर्मोही |
| 9 (RLIN) | 51434 |
| 245 ## - TITLE STATEMENT | |
| Title | कथा एक रंगकर्मी की / |
| Statement of responsibility, etc | निर्मोही व्यास |
| 246 ## - VARYING FORM OF TITLE | |
| Title proper/short title | Katha ek rangkarmi ki / |
| Remainder of title | by Nirmohi Vyas |
| 260 ## - PUBLICATION, DISTRIBUTION, ETC. (IMPRINT) | |
| Place of publication, distribution, etc | बीकानेर |
| Name of publisher, distributor, etc | चयन प्रकाशन |
| Date of publication, distribution, etc | 1999 |
| 270 ## - ADDRESS | |
| City | बीकानेर |
| Address | हनुमान हत्था, राष्ट्रदूत प्रेस के पास |
| Postal code | 334001 |
| 300 ## - PHYSICAL DESCRIPTION | |
| Extent | 88पृ. |
| Dimensions | 19सेमी(सजिल्द) |
| 650 ## - SUBJECT ADDED ENTRY--TOPICAL TERM | |
| Topical term or geographic name as entry element | हिंदी साहित्य |
| 9 (RLIN) | 51435 |
| 650 ## - SUBJECT ADDED ENTRY--TOPICAL TERM | |
| Topical term or geographic name as entry element | हिंदी साहित्य -- नाटक |
| 9 (RLIN) | 51436 |
| 650 ## - SUBJECT ADDED ENTRY--TOPICAL TERM | |
| Topical term or geographic name as entry element | Hindi literature |
| 9 (RLIN) | 51437 |
| 650 ## - SUBJECT ADDED ENTRY--TOPICAL TERM | |
| Topical term or geographic name as entry element | Hindi literature -- Drama |
| 9 (RLIN) | 51438 |
| 942 ## - ADDED ENTRY ELEMENTS (KOHA) | |
| Source of classification or shelving scheme | Dewey Decimal Classification |
| Koha item type | Hindi Books |
| Classification part | 822 |
| Call number suffix | व्यासनि |
| Withdrawn status | Lost status | Damaged status | Not for loan | Home library | Current library | Date acquired | Source of acquisition | Cost, normal purchase price | Total Checkouts | Full call number | Barcode | Date last seen | Copy number | Cost, replacement price | Price effective from | Koha item type |
|---|---|---|---|---|---|---|---|---|---|---|---|---|---|---|---|---|
| Central Library | Central Library | 11/08/2015 | Cen Lib/Ret | 75.00 | 822 व्यासनि | B-053094 | 11/08/2015 | 1 | 75.00 | 11/08/2015 | Hindi Books |
